|
|
|
|
| LEADER |
00000nas a2200000 a 4500 |
| 001 |
ssj0000504570 |
| 003 |
WaSeSS |
| 005 |
20200512172242.0 |
| 006 |
m d |
| 007 |
cr n |
| 008 |
100913d20102019nyuar p s 0 a0eng c |
| 010 |
|
|
|a 2011243674
|
| 016 |
7 |
|
|a 2603578-9
|2 DE-600
|
| 016 |
7 |
|
|a 101566863
|2 DNLM
|
| 016 |
7 |
|
|a 019031520
|2 Uk
|
| 022 |
|
|
|a 2090-1550
|l 2090-1542
|y 2090-1542
|
| 035 |
|
|
|a (WaSeSS)ssj0000504570
|
| 040 |
|
|
|a UV0
|b eng
|e pn
|c UV0
|d OCLCQ
|d HEBIS
|d NLM
|d CUS
|d TXA
|d SERSO
|d OCLCF
|d OCLCO
|d EUW
|d OCLCO
|d OCLCQ
|d OCLCO
|d DLC
|d CASUM
|d OCLCO
|d OCLCA
|d UKMGB
|d NLM
|d WaSeSS
|
| 042 |
|
|
|a pcc
|
| 050 |
0 |
0 |
|a RB127
|
| 060 |
1 |
0 |
|a W1
|
| 210 |
1 |
0 |
|a Pain Res Treat
|2 dnlm
|
| 245 |
0 |
0 |
|a Pain research and treatment
|h [electronic resource].
|
| 260 |
|
|
|a New York, NY :
|b Hindawi Pub. Corp.,
|c 2010-
|
| 310 |
|
|
|a Annual
|
| 362 |
1 |
|
|a Began with: Vol. 2010, article ID 912513; ceased with Volume 2019 (2019)
|
| 506 |
|
|
|a License restrictions may limit access.
|
| 515 |
|
|
|a Articles added intermittently throughout the year, grouped by year, with each article also assigned an article ID no.
|
| 588 |
|
|
|a Description based on: Vol. 2010, article ID 912513; title from journal home page (Hindawi Web site, viewed Jan. 4, 2012).
|
| 588 |
|
|
|a Latest issue consulted: Vol. 2016, article ID 7217684 (publisher's Web site, viewed May 18, 2016).
|
| 650 |
|
0 |
|a Pain
|v Periodicals.
|
| 650 |
|
0 |
|a Pain
|x Treatment
|v Periodicals.
|
| 650 |
1 |
2 |
|a Pain Management.
|
| 650 |
2 |
2 |
|a Pain.
|
| 650 |
|
7 |
|a Pain.
|2 fast
|0 (OCoLC)fst01050382
|
| 650 |
|
7 |
|a Pain
|x Treatment.
|2 fast
|0 (OCoLC)fst01050415
|
| 655 |
|
0 |
|a Electronic journals.
|
| 710 |
2 |
|
|a Hindawi Publishing Corporation.
|
| 776 |
0 |
8 |
|i Print version:
|t Pain research and treatment
|x 2090-1542
|
| 850 |
|
|
|a DLC
|
| 856 |
4 |
0 |
|z Full text available from Research Library: 01/01/2014 to present
|u https://search.proquest.com/publication/2037492
|